Các nghị quyết được thông qua tại kỳ họp thứ mười Quốc hội khóa XI

Nội dung sách giới thiệu các nghị quyết được thông qua tại kỳ họp thứ mười Quốc hội khóa XI số 75/2006/QH11, các báo cáo của Ủy ban thường vụ Quốc hội, Báo cáo của chính phủ...

保存先:
書誌詳細
団体著者: Quốc Hội Nước Công Hòa Xã Hội Chủ Nghĩa Việt Nam
フォーマット: 図書
言語:Undetermined
出版事項: Hà Nội Chính trị Quốc gia 2007
主題:
タグ: タグ追加
タグなし, このレコードへの初めてのタグを付けませんか!
Thư viện lưu trữ: Trung tâm Học liệu Trường Đại học Cần Thơ
LEADER 01055nam a2200205Ia 4500
001 CTU_227991
008 210402s9999 xx 000 0 und d
082 |a 324.2597075 
082 |b Qu451 
110 |a Quốc Hội Nước Công Hòa Xã Hội Chủ Nghĩa Việt Nam 
245 0 |a Các nghị quyết được thông qua tại kỳ họp thứ mười Quốc hội khóa XI 
245 0 |c Quốc Hội Nước Công Hòa Xã Hội Chủ Nghĩa Việt Nam 
260 |a Hà Nội 
260 |b Chính trị Quốc gia 
260 |c 2007 
520 |a Nội dung sách giới thiệu các nghị quyết được thông qua tại kỳ họp thứ mười Quốc hội khóa XI số 75/2006/QH11, các báo cáo của Ủy ban thường vụ Quốc hội, Báo cáo của chính phủ... 
650 |a Đảng Cộng Sản,Communist parties 
650 |z Việt Nam,Vietnam 
910 |b dqhieu 
980 |a Trung tâm Học liệu Trường Đại học Cần Thơ